Statistics for Geography A-Z: Extreme

Click here to take the quiz!

General Stats

  • This quiz has been taken 1,969 times
  • The average score is 8 of 26

Answer Stats

HintAnswer% Correct
ENew York immigrants' islandEllis
71%
QNew Orleans' French _______Quarter
63%
I1976 Winter Olympics cityInnsbruck
58%
VCapital on the Mekong riverVientiane
58%
YSite of Crimean Conference, 1945Yalta
54%
ALargest city in KazakhstanAlmaty
52%
JThe Bible's City of Palm TreesJericho
43%
D"Florence on the Elbe"Dresden
41%
GSavanna or prairieGrassland
41%
BIts capital is HamiltonBermuda
37%
ZCity of DavidZion
36%
FNon-African capital cityFunafuti
33%
LPeninsula east of Hudson BayLabrador
32%
KThe K in India's J & KKashmir
29%
WForest, to a GermanWald
26%
HRat-infested town of legendHamelin
24%
TMt. Teide is on this islandTenerife
22%
NAncient cemetery, eg. at GizaNecropolis
20%
SIts flag is called "the Saltire"Scotland
20%
R100 sen, in JakartaRupiah
18%
OOrwellian superstateOceania
17%
MEnglish countyMerseyside
13%
PCity where a shrew was tamedPadua
12%
C3rd most populous NZ regionCanterbury
11%
XTibet, in ChineseXizang
4%
UUlaanbaatar's former nameUrga
2%

Score Distribution

Percentile by Number Answered

Percent of People with Each Score

Your Score History

You have not taken this quiz